[Event "Titled Tue 20th May Late"]
[Site "chess.com INT"]
[Date "2025.05.20"]
[Round "6"]
[White "Abraham, John Z"]
[Black "Vila Dupla, Aurelio"]
[Result "1/2-1/2"]
[BlackTitle "FM"]
[WhiteElo "2100"]
[BlackElo "2056"]
[WhiteFideId "30987318"]
[BlackFideId "2203383"]
[EventDate "2025.05.20"]

1. d4 Nf6 2. c4 g6 3. Nc3 d5 4. Nf3 Bg7 5. Bg5 Ne4 6. Bf4 Nxc3 7. bxc3 c5 8. e3
O-O 9. cxd5 cxd4 10. cxd4 Qxd5 11. Be2 Qa5+ 12. Qd2 Nc6 13. O-O Qxd2 14. Nxd2 e5
15. dxe5 Nxe5 16. Rab1 b6 17. Nf3 Re8 18. Bb5 Nxf3+ 19. gxf3 Bb7 20. Bxe8 Rxe8
21. e4 h6 22. Rbc1 g5 23. Bg3 g4 24. fxg4 Rxe4 25. Rc7 Bd5 26. Rxa7 Rxg4 27. Rd1
Be6 28. h4 Rb4 29. a4 Bf6 30. a5 bxa5 31. Rxa5 Bxh4 32. Bxh4 Rxh4 33. Rd3 Rg4+
34. Kh2 Kg7 35. Re5 Rg6 36. Rf3 Kh7 37. Ra5 Kg7 38. Re3 Rg5 39. Ra7 Rh5+ 40. Kg1
Bd5 41. f3 Rg5+ 42. Kf2 Rf5 43. Ra5 Be6 44. Ra4 Rh5 45. f4 Rf5 46. Ke2 Kf6 47.
Kd3 Rd5+ 48. Ke4 h5 49. Kf3 Rf5 50. Ra6 Kg6 51. Re1 Kf6 52. Kg3 Rc5 53. Kh4 Rf5
54. Kg3 Rc5 55. Re3 Rf5 56. Kf3 h4 57. Re1 h3 58. Kg3 Rc5 59. Re3 Rc1 60. Raxe6+
fxe6 61. Kxh3 Rc2 62. Kg3 Rc5 63. Ra3 Rf5 64. Ra8 Rd5 65. Rf8+ Kg7 66. Rc8 Kf6
67. Kg4 Rf5 68. Rd8 Rd5 69. Rf8+ Kg7 70. Re8 Kf6 71. Ra8 Rc5 72. Ra4 Rf5 73. Ra7
Rd5 74. Ra8 Rf5 75. Rf8+ Kg6 76. Re8 Kf6 77. Rh8 Kg6 78. Rg8+ Kf6 79. Rc8 Kg6
80. Rc6 Kf6 81. Rc7 Rd5 82. Rc8 Rf5 83. Rf8+ Kg6 84. Re8 Kf6 85. Ra8 Rd5 86. Ra2
Rf5 87. Rh2 Rd5 88. Rh6+ Kf7 89. Rh7+ Kf6 90. Rc7 Rf5 91. Rc6 Rd5 92. Rb6 Rf5
93. Ra6 Rd5 94. Ra7 Rf5 95. Ra8 Rd5 96. Rb8 Rf5 97. Rb3 Rd5 98. Rc3 Rf5 99. Rd3
Rd5 100. Re3 Rf5 101. Rf3 Rd5 102. Rg3 Rf5 103. Re3 e5 104. fxe5+ Rxe5 105. Rf3+
Ke6 106. Ra3 Re4+ 107. Kf3 Re5 108. Ra6+ Kf5 109. Ra8 Rc5 110. Rf8+ Ke6 111. Rg8
Kf6 112. Rg1 Rf5+ 113. Ke4 Re5+ 114. Kd4 Re7 115. Rf1+ Ke6 116. Re1+ Kd7 117.
Ra1 Re6 118. Ra7+ Kc6 119. Ra6+ Kd7 120. Ra5 Rd6+ 121. Ke5 Re6+ 122. Kf5 Re1
123. Ra7+ Kd6 124. Ra2 Kd5 125. Rd2+ Kc6 126. Kf6 Rf1+ 127. Ke5 Re1+ 128. Kd4
Re8 129. Ra2 Kb5 130. Rb2+ Kc6 131. Rf2 Rd8+ 132. Kc4 Rc8 133. Rf6+ Kb7+ 134.
Kb5 Rc7 135. Re6 Rh7 136. Re5 Rg7 137. Rf5 Rh7 138. Rd5 Rg7 139. Kc5 Rh7 140.
Kb5 Rc7 141. Rh5 Rg7 142. Rf5 Re7 143. Kc4 Rc7+ 144. Kb4 Rd7 145. Kc5 Rc7+ 146.
Kb4 Rd7 147. Re5 Rc7 148. Rg5 Rd7 149. Ka5 Rc7 150. Kb5 Rd7 151. Rh5 Rc7 152.
Kb4 Rd7 153. Ka5 Rc7 154. Rh6 Rd7 1/2-1/2

[Event "Titled Tue 20th May Late"]
[Site "chess.com INT"]
[Date "2025.05.20"]
[Round "7"]
[White "Kracht, Raphael"]
[Black "Mammadov, Sadig"]
[Result "0-1"]
[WhiteTitle "CM"]
[BlackTitle "IM"]
[WhiteElo "2194"]
[BlackElo "2395"]
[WhiteFideId "16214382"]
[BlackFideId "13408712"]
[EventDate "2025.05.20"]

1. d4 Nf6 2. Bg5 Ne4 3. h4 h6 4. Bf4 d6 5. Nd2 Nf6 6. e4 Nc6 7. c3 e5 8. dxe5
dxe5 9. Bg3 Bc5 10. Bc4 O-O 11. Ngf3 Qe7 12. b4 Bb6 13. b5 Na5 14. Bxe5 Bxf2+
15. Kxf2 Ng4+ 16. Kf1 Ne3+ 0-1

[Event "Titled Tue 20th May Late"]
[Site "chess.com INT"]
[Date "2025.05.20"]
[Round "7"]
[White "Vila Dupla, Aurelio"]
[Black "Bahmani, Koorosh"]
[Result "0-1"]
[WhiteTitle "FM"]
[BlackTitle "CM"]
[WhiteElo "2056"]
[BlackElo "2208"]
[WhiteFideId "2203383"]
[BlackFideId "42576750"]
[EventDate "2025.05.20"]

1. Nf3 d5 2. d4 Nf6 3. c4 c6 4. cxd5 cxd5 5. Nc3 Nc6 6. Bf4 a6 7. e3 Bg4 8. Be2
e6 9. O-O Bd6 10. Bxd6 Qxd6 11. Ne1 Bxe2 12. Qxe2 O-O 13. Nd3 Nd7 14. h3 Na5 15.
b3 Rac8 16. Rfc1 Rc7 17. Rc2 Rfc8 18. Rac1 Nc6 19. Na4 Qa3 20. Nac5 Nxc5 21.
Rxc5 b6 22. R5c3 Nxd4 23. Qd2 Rxc3 24. exd4 0-1

[Event "Titled Tue 20th May Late"]
[Site "chess.com INT"]
[Date "2025.05.20"]
[Round "7"]
[White "Grot, Blazej"]
[Black "Iglesias Ferreira, Andres"]
[Result "1-0"]
[WhiteTitle "CM"]
[BlackTitle "FM"]
[WhiteElo "2217"]
[BlackElo "2279"]
[WhiteFideId "21835845"]
[BlackFideId "54507669"]
[EventDate "2025.05.20"]

1. d4 g6 2. c4 Bg7 3. Nf3 c5 4. Nc3 cxd4 5. Nxd4 Nc6 6. e3 Nf6 7. g3 O-O 8. Bg2
d6 9. Nxc6 bxc6 10. Bxc6 Rb8 11. O-O Bh3 12. Bg2 Bxg2 13. Kxg2 h5 14. h4 Qc8 15.
Qd3 Nd7 16. Nd5 Re8 17. Rb1 Ne5 18. Qe2 Nxc4 19. b3 Qf5 20. e4 Qg4 21. Qxc4 e6
22. Ne3 1-0

[Event "Titled Tue 20th May Late"]
[Site "chess.com INT"]
[Date "2025.05.20"]
[Round "7"]
[White "Shafer, Logan C"]
[Black "May Sanchez, Andres Elias"]
[Result "0-1"]
[WhiteTitle "CM"]
[WhiteElo "2291"]
[BlackElo "2209"]
[WhiteFideId "30993342"]
[BlackFideId "5150973"]
[EventDate "2025.05.20"]

1. d4 Nf6 2. c4 c5 3. d5 d6 4. Nc3 g6 5. e4 Bg7 6. Be3 O-O 7. f3 e6 8. Bd3 exd5
9. cxd5 Nh5 10. Nge2 f5 11. O-O f4 12. Bf2 Nd7 13. g3 Ne5 14. Kg2 Nxf3 15. Kxf3
fxg3+ 16. Kg2 gxf2 17. Rxf2 Rxf2+ 18. Kxf2 Qh4+ 19. Kg2 Bh3+ 20. Kg1 Qg4+ 21.
Ng3 Bd4+ 22. Kh1 Nxg3+ 23. hxg3 Qxg3 24. Qe2 Rf8 0-1

[Event "Titled Tue 20th May Late"]
[Site "chess.com INT"]
[Date "2025.05.20"]
[Round "7"]
[White "Ollier, Pablo"]
[Black "Mata Gonzalez, Jose Fernando"]
[Result "1-0"]
[WhiteTitle "FM"]
[BlackTitle "CM"]
[WhiteElo "2284"]
[BlackElo "2164"]
[WhiteFideId "652318"]
[BlackFideId "5107423"]
[EventDate "2025.05.20"]

1. d4 Nf6 2. c4 c5 3. d5 b6 4. Nc3 g6 5. e4 Bg7 6. e5 Ng8 7. f4 d6 8. Nf3 Nd7 9.
Bd3 dxe5 10. O-O e4 11. Nxe4 Ngf6 12. Qe2 O-O 13. h3 Nxe4 14. Qxe4 Nf6 15. Qe2
Kh8 16. Ne5 e6 17. dxe6 Bxe6 18. b3 Qd4+ 19. Be3 Qd8 20. Rad1 Qc7 21. Bc1 Rad8
22. Bb2 Nh5 23. Kh2 Bc8 24. g3 Bb7 25. Be4 Bxe4 26. Qxe4 Nf6 27. Qf3 Rxd1 28.
Rxd1 Rd8 29. Rxd8+ Qxd8 30. Nxf7+ 1-0

[Event "Titled Tue 20th May Late"]
[Site "chess.com INT"]
[Date "2025.05.20"]
[Round "7"]
[White "Perez Rojas, Jorge"]
[Black "Rees, Ioan"]
[Result "0-1"]
[WhiteTitle "FM"]
[BlackTitle "FM"]
[WhiteElo "2100"]
[BlackElo "2288"]
[WhiteFideId "3452093"]
[BlackFideId "1801236"]
[EventDate "2025.05.20"]

1. e4 e5 2. Nc3 Nf6 3. Bc4 Nxe4 4. Qh5 Nd6 5. Qxe5+ Qe7 6. Qxe7+ Bxe7 7. Be2 O-O
8. Nf3 c6 9. O-O Nf5 10. d4 d5 11. Re1 Bf6 12. Rd1 Re8 13. Bf4 Nd7 14. g4 Nh4
15. Ne1 h6 16. Bg3 Nf8 17. Ng2 Nxg2 18. Kxg2 Ne6 19. f4 Nxd4 20. Bd3 Bxg4 21.
Rd2 Bf3+ 22. Kf2 b5 23. a3 a5 24. Na2 Bg4 25. Rc1 Nf5 26. c3 Nd6 27. Re1 Rxe1
28. Kxe1 Re8+ 29. Kf2 Bf5 30. Nc1 Ne4+ 31. Bxe4 Bxe4 32. Nb3 Bd8 0-1

[Event "Titled Tue 20th May Late"]
[Site "chess.com INT"]
[Date "2025.05.20"]
[Round "7"]
[White "Ugarte Soto, Cesar"]
[Black "Zlatin, Alexander"]
[Result "0-1"]
[WhiteTitle "CM"]
[BlackTitle "FM"]
[WhiteElo "2088"]
[BlackElo "2306"]
[WhiteFideId "3601331"]
[BlackFideId "2810549"]
[EventDate "2025.05.20"]

1. d4 g6 2. Bf4 Bg7 3. Nf3 Nf6 4. h3 O-O 5. e3 c5 6. c3 cxd4 7. exd4 Qb6 8. Qb3
d6 9. Be2 Be6 10. Qxb6 axb6 11. a3 Nc6 12. Nbd2 Na5 13. O-O Nb3 14. Nxb3 Bxb3
15. Rfe1 Nd5 16. Bd2 e5 17. dxe5 dxe5 18. Bd1 Bxd1 19. Raxd1 f6 20. Bh6 Bxh6 21.
Rxd5 Ra5 22. Red1 e4 23. Ne1 Rxd5 24. Rxd5 Bc1 25. Rb5 Rd8 26. Kf1 Rd1 27. Ke2
Rd2+ 28. Kf1 Rxb2 29. Rd5 Rb3 30. Rd8+ Kg7 31. Rd7+ Kh6 32. Rxb7 Bxa3 33. g4 Bc5
34. Rf7 Rxc3 35. Rxf6 Kg7 36. Rf4 b5 37. Rxe4 b4 38. Re2 b3 39. Rb2 Ba3 40. Rb1
b2 41. Kg2 Rc1 0-1

[Event "Titled Tue 20th May Late"]
[Site "chess.com INT"]
[Date "2025.05.20"]
[Round "7"]
[White "Harsha, Bharathakoti"]
[Black "Gelman, Alexander"]
[Result "1-0"]
[WhiteTitle "GM"]
[BlackTitle "IM"]
[WhiteElo "2532"]
[BlackElo "2403"]
[WhiteFideId "5078776"]
[BlackFideId "4118316"]
[EventDate "2025.05.20"]

1. c4 c5 2. Nf3 Nf6 3. Nc3 e6 4. g3 Be7 5. Bg2 O-O 6. O-O a6 7. d4 cxd4 8. Nxd4
d6 9. b3 Qc7 10. Bb2 Nbd7 11. Rc1 Ne5 12. Qd2 Bd7 13. f4 Ng6 14. e3 Rac8 15. f5
Ne5 16. fxe6 fxe6 17. Bh3 Nfg4 18. Qe2 h5 19. Ne4 Rce8 20. Bg2 Qb8 21. h3 Nf6
22. Ng5 Bd8 23. Qc2 Nf7 24. Ndf3 Bc6 25. Bxf6 Nxg5 26. Nxg5 Rxf6 27. Qh7+ Kf8
28. Qh8+ Ke7 29. Qxg7+ 1-0

[Event "Titled Tue 20th May Late"]
[Site "chess.com INT"]
[Date "2025.05.20"]
[Round "7"]
[White "Gubajdullin, Alexei"]
[Black "Kaasen, Tor Fredrik"]
[Result "0-1"]
[WhiteTitle "FM"]
[BlackTitle "IM"]
[WhiteElo "2227"]
[BlackElo "2471"]
[WhiteFideId "4141202"]
[BlackFideId "1516647"]
[EventDate "2025.05.20"]

1. Nf3 Nf6 2. g3 g6 3. Bg2 Bg7 4. O-O O-O 5. d3 d5 6. Nbd2 c5 7. e4 Nc6 8. c3 e5
9. a4 d4 10. Nc4 Ne8 11. a5 Be6 12. Qa4 Nd6 13. Ng5 Bc8 14. Qa3 Nxc4 15. dxc4 h6
16. Nf3 Qd6 17. cxd4 Nxd4 18. Nxd4 exd4 19. Bf4 Qe7 20. Rfe1 g5 21. Bd2 g4 22.
e5 Rb8 23. Bf4 Be6 24. b3 Rfd8 25. Qa4 Bd7 0-1

[Event "Titled Tue 20th May Late"]
[Site "chess.com INT"]
[Date "2025.05.20"]
[Round "7"]
[White "Noy, Eyal"]
[Black "Martinez Ramirez, Lennis"]
[Result "1-0"]
[WhiteTitle "FM"]
[BlackTitle "IM"]
[WhiteElo "2346"]
[BlackElo "2438"]
[WhiteFideId "2821117"]
[BlackFideId "3509079"]
[EventDate "2025.05.20"]

1. e4 e6 2. d4 d5 3. Nd2 Nf6 4. e5 Nfd7 5. Bd3 c5 6. c3 b6 7. Qe2 a5 8. Ngf3 Ba6
9. Bxa6 Nxa6 10. O-O Be7 11. Rd1 c4 12. a4 Nc7 13. Nf1 b5 14. axb5 Nxb5 15. Ng3
h6 16. Qe3 a4 17. Qf4 a3 18. Nh5 Bf8 19. Qg4 g6 20. Nf4 Qe7 21. Ne2 Nb6 22. bxa3
Na4 23. Bd2 Nxa3 24. Ra2 Kd7 25. Rda1 Nb6 26. Bc1 Qd8 1-0

[Event "Titled Tue 20th May Late"]
[Site "chess.com INT"]
[Date "2025.05.20"]
[Round "7"]
[White "Luong Phuong Hanh"]
[Black "Altini, Nicola"]
[Result "1-0"]
[WhiteTitle "WIM"]
[BlackTitle "IM"]
[WhiteElo "2144"]
[BlackElo "2357"]
[WhiteFideId "12401013"]
[BlackFideId "833924"]
[EventDate "2025.05.20"]

1. d4 d5 2. c4 c5 3. cxd5 Qxd5 4. Nf3 cxd4 5. Nc3 Qa5 6. Qxd4 Nf6 7. e4 Nc6 8.
Qe3 e5 9. Bd2 Bc5 10. Qd3 Bb4 11. Be2 Bg4 12. O-O O-O 13. a3 Bc5 14. b4 Bxb4 15.
axb4 Qxb4 16. Rfb1 Qe7 17. Bg5 Nb4 18. Bxf6 gxf6 19. Qe3 Nc2 20. Qh6 Nxa1 21.
Nd5 Rfe8 22. Nxe7+ Rxe7 23. Qxf6 Bxf3 24. Qxe7 Bxe2 25. Qxb7 1-0

[Event "Titled Tue 20th May Late"]
[Site "chess.com INT"]
[Date "2025.05.20"]
[Round "7"]
[White "Bratovic, Blaz"]
[Black "Cramling Bellon, Anna"]
[Result "1-0"]
[WhiteTitle "IM"]
[BlackTitle "WFM"]
[WhiteElo "2319"]
[BlackElo "2046"]
[WhiteFideId "14603551"]
[BlackFideId "32009232"]
[EventDate "2025.05.20"]

1. e4 c5 2. Nf3 e6 3. c3 d5 4. e5 d4 5. Bd3 Nc6 6. O-O Nge7 7. b4 Ng6 8. Bxg6
hxg6 9. b5 g5 10. bxc6 g4 11. Ne1 Qh4 12. h3 gxh3 13. g3 h2+ 14. Kh1 Qh3 15. Ng2
bxc6 16. c4 d3 17. Nc3 Qf5 18. Qe1 Ba6 19. Qe4 Qxe4 20. Nxe4 Bxc4 21. Ba3 Rb8
22. Rab1 Rxb1 23. Rxb1 Bb5 24. Bxc5 Bxc5 25. Nxc5 Ke7 26. a4 Ba6 27. Nxa6 1-0

[Event "Titled Tue 20th May Late"]
[Site "chess.com INT"]
[Date "2025.05.20"]
[Round "7"]
[White "Zavortink, Matt"]
[Black "Grodotzki, Kenneth"]
[Result "1-0"]
[BlackTitle "CM"]
[WhiteElo "2135"]
[BlackElo "1984"]
[WhiteFideId "2034263"]
[BlackFideId "4648560"]
[EventDate "2025.05.20"]

1. e4 d6 2. d4 Nf6 3. Nc3 g6 4. Bf4 Bg7 5. Qd2 h6 6. O-O-O c6 7. h4 b5 8. Bd3
Nbd7 9. e5 dxe5 10. dxe5 Nh5 11. e6 Nc5 12. exf7+ Kf8 13. Bxg6 Qxd2+ 14. Bxd2
Nf6 15. Be3 Ne6 16. Nf3 Bb7 17. Ne5 h5 18. Ne4 Rd8 19. Rxd8+ Nxd8 20. Rd1 Ne6
21. Ng5 1-0

[Event "Titled Tue 20th May Late"]
[Site "chess.com INT"]
[Date "2025.05.20"]
[Round "7"]
[White "Pereyra, Horacio"]
[Black "Leenhouts, Koen"]
[Result "0-1"]
[BlackTitle "GM"]
[WhiteElo "2133"]
[BlackElo "2476"]
[WhiteFideId "113700"]
[BlackFideId "1008439"]
[EventDate "2025.05.20"]

1. d4 d5 2. Nc3 Nf6 3. Bg5 Nbd7 4. f3 h6 5. Bh4 c6 6. e4 dxe4 7. fxe4 Qb6 8. Nf3
Qxb2 9. Qc1 Qxc3+ 10. Nd2 Nxe4 11. Bd3 Qxd2+ 12. Qxd2 Nxd2 13. Kxd2 g5 14. Bg3
Bg7 15. c3 Nb6 16. Rhe1 Be6 17. Rab1 Bxa2 18. Rb4 Be6 19. c4 Bxd4 20. Re4 Bc5
21. Rb1 O-O-O 22. Kc3 Rxd3+ 23. Kxd3 Bf5 0-1

[Event "Titled Tue 20th May Late"]
[Site "chess.com INT"]
[Date "2025.05.20"]
[Round "7"]
[White "Thake, Conrad"]
[Black "Romero Ruscalleda, Josep"]
[Result "1/2-1/2"]
[WhiteTitle "CM"]
[BlackTitle "FM"]
[WhiteElo "1873"]
[BlackElo "2110"]
[WhiteFideId "5602947"]
[BlackFideId "2231859"]
[EventDate "2025.05.20"]

1. e4 g6 2. d4 Bg7 3. Nc3 d6 4. f4 a6 5. Nf3 b5 6. Bd3 Bb7 7. Be3 Nd7 8. O-O
Ngf6 9. e5 Nd5 10. Nxd5 Bxd5 11. c3 O-O 12. Qe1 c5 13. Qh4 Bxf3 14. Rxf3 cxd4
15. cxd4 e6 16. Qh3 dxe5 17. fxe5 Nxe5 18. dxe5 Qxd3 19. Bh6 Qd4+ 20. Kh1 Qxe5
21. Bxg7 Kxg7 22. Raf1 Rad8 23. Qh4 Rd4 24. Qe7 Rh8 25. Qxf7+ Kh6 26. Rh3+ Qh5
27. Rxh5+ Kxh5 28. Qf3+ Kh6 29. Qf6 Rhd8 30. h4 Rd1 31. Qg5+ Kg7 32. Rxd1 Rxd1+
33. Kh2 Rd7 34. Qe5+ Kf7 35. Qf4+ Kg7 36. Qe5+ Kf7 37. Qf4+ Kg7 38. Qe5+ 1/2-1/2

[Event "Titled Tue 20th May Late"]
[Site "chess.com INT"]
[Date "2025.05.20"]
[Round "7"]
[White "Aliyev, Elnur"]
[Black "Goryachkina, Aleksandra"]
[Result "0-1"]
[WhiteTitle "CM"]
[BlackTitle "GM"]
[WhiteElo "2155"]
[BlackElo "2544"]
[WhiteFideId "13402617"]
[BlackFideId "4147103"]
[EventDate "2025.05.20"]

1. e4 c6 2. d4 d5 3. Nc3 dxe4 4. Nxe4 Nf6 5. Qd3 Nbd7 6. Nf3 Nxe4 7. Qxe4 Nf6 8.
Qe3 Bf5 9. Bd3 Bxd3 10. Qxd3 e6 11. O-O Bd6 12. Bg5 h6 13. Bh4 O-O 14. Rfe1 Be7
15. c4 Qb6 16. Qb3 Rfd8 17. Qxb6 axb6 18. a3 Kf8 19. Rad1 b5 20. Ne5 Ra4 21.
cxb5 cxb5 22. Nf3 b4 23. axb4 Rxb4 24. Rd2 Rc4 25. Kf1 Bb4 26. Rdd1 Bxe1 27.
Kxe1 g5 28. Bg3 Ne4 29. Ra1 Nxg3 30. hxg3 g4 31. Ne5 Rcxd4 32. Ra7 Re4+ 33. Kf1
Rd1# 0-1

[Event "Titled Tue 20th May Late"]
[Site "chess.com INT"]
[Date "2025.05.20"]
[Round "7"]
[White "Obregon Rivero, Juan Carlos"]
[Black "Wartiovaara, Oliver"]
[Result "1-0"]
[WhiteTitle "GM"]
[BlackTitle "FM"]
[WhiteElo "2476"]
[BlackElo "2323"]
[WhiteFideId "3507815"]
[BlackFideId "513024"]
[EventDate "2025.05.20"]

1. Nf3 Nf6 2. c4 g6 3. Nc3 Bg7 4. g3 O-O 5. Bg2 d6 6. d3 e5 7. h3 Nc6 8. Bg5 h6
9. Be3 Re8 10. Qd2 Kh7 11. g4 Nd7 12. h4 Nc5 13. h5 g5 14. Bxg5 hxg5 15. Nxg5+
Kg8 16. h6 Bf6 17. h7+ Kg7 18. Nge4 Nxe4 19. Nxe4 Kh8 20. O-O-O Bxg4 21. Bh3
Bxh3 22. Rxh3 1-0

[Event "Titled Tue 20th May Late"]
[Site "chess.com INT"]
[Date "2025.05.20"]
[Round "7"]
[White "Yurtseven, Melih"]
[Black "Xiong, Jeffery"]
[Result "0-1"]
[WhiteTitle "IM"]
[BlackTitle "GM"]
[WhiteElo "2339"]
[BlackElo "2636"]
[WhiteFideId "6312160"]
[BlackFideId "2047640"]
[EventDate "2025.05.20"]

1. e4 c6 2. Nf3 d5 3. d3 g6 4. Nbd2 Bg7 5. d4 dxe4 6. Nxe4 Nf6 7. Nxf6+ exf6 8.
Bc4 O-O 9. O-O Nd7 10. h3 b5 11. Bd3 Nb6 12. c3 a5 13. Re1 a4 14. a3 Be6 15. Bf4
Re8 16. Qd2 Qd7 17. Bh6 Bc4 18. Bxg7 Kxg7 19. Bxc4 Nxc4 20. Qc2 Rxe1+ 21. Rxe1
Re8 22. Rxe8 Qxe8 23. Kf1 Qe6 24. Nd2 Nd6 25. Qd3 Qa2 26. Qc2 Qa1+ 27. Ke2 Qh1
28. Ne4 Nc4 29. Nd2 Nxd2 30. Qxd2 Qxg2 31. Qe3 Qd5 32. Qf3 g5 33. Qxd5 cxd5 34.
Kd3 f5 35. Kc2 h5 36. b3 axb3+ 37. Kxb3 g4 38. h4 f4 0-1

[Event "Titled Tue 20th May Late"]
[Site "chess.com INT"]
[Date "2025.05.20"]
[Round "7"]
[White "Harish, Neeraj"]
[Black "Kolmagorov, Alexey"]
[Result "1-0"]
[WhiteTitle "CM"]
[BlackTitle "CM"]
[WhiteElo "2192"]
[BlackElo "2145"]
[WhiteFideId "30958130"]
[BlackFideId "34129402"]
[EventDate "2025.05.20"]

1. c4 Nf6 2. Nf3 g6 3. g3 Bg7 4. Bg2 O-O 5. d4 d6 6. O-O Ne8 7. Nc3 f5 8. e4 e6
9. h3 Nd7 10. Re1 Nb6 11. b3 c5 12. Be3 Nf6 13. dxc5 dxc5 14. e5 Nfd7 15. Qd6
Re8 16. Rad1 Bf8 17. Qd2 a6 18. h4 Qc7 19. Bg5 Bg7 20. Bf4 Rb8 21. h5 Na8 22. h6
Bh8 23. Nd5 Qd8 24. Bg5 Bf6 25. Nxf6+ Nxf6 26. Qxd8 Kf7 27. Qxf6+ 1-0

[Event "Titled Tue 20th May Late"]
[Site "chess.com INT"]
[Date "2025.05.20"]
[Round "7"]
[White "Badacsonyi, Stanley"]
[Black "Naranjo Moreno, Antonio"]
[Result "1-0"]
[WhiteTitle "FM"]
[BlackTitle "FM"]
[WhiteElo "2289"]
[BlackElo "2289"]
[WhiteFideId "486973"]
[BlackFideId "2278626"]
[EventDate "2025.05.20"]

1. d4 Nf6 2. c4 g6 3. Nc3 Bg7 4. e4 d6 5. Be2 O-O 6. Be3 e5 7. d5 Na6 8. g4 Nc5
9. f3 h5 10. g5 Nh7 11. h4 f5 12. Qd2 fxe4 13. fxe4 a5 14. Nh3 Bd7 15. Nf2 a4
16. O-O-O b6 17. Rhf1 Qe7 18. Nd3 Rxf1 19. Rxf1 Rf8 20. Rxf8+ Nxf8 21. Nxc5 bxc5
22. Bd1 Qe8 23. Qc2 Qf7 24. Qe2 Qe8 25. Nb5 Bg4 26. Qf1 Qc8 27. Bxa4 Bh3 28. Qf3
Bg4 29. Qf2 Nd7 30. Nc3 Nb6 31. Bb3 Bh3 32. a4 Qa6 33. Nb5 Nxa4 34. Nxc7 Qa7 35.
Ne8 Bf8 36. Qf6 Be7 37. Qxg6+ Kf8 38. Nf6 1-0

[Event "Titled Tue 20th May Late"]
[Site "chess.com INT"]
[Date "2025.05.20"]
[Round "7"]
[White "Wang, Justin Zhide"]
[Black "Bluebaum, Matthias"]
[Result "0-1"]
[BlackTitle "GM"]
[WhiteElo "2007"]
[BlackElo "2660"]
[WhiteFideId "4312830"]
[BlackFideId "24651516"]
[EventDate "2025.05.20"]

1. e4 e6 2. d4 d5 3. Nd2 c5 4. exd5 Qxd5 5. Ngf3 cxd4 6. Bc4 Qd6 7. O-O Nf6 8.
Nb3 Nc6 9. Nbxd4 Nxd4 10. Nxd4 Be7 11. c3 O-O 12. Qf3 e5 13. Nf5 Bxf5 14. Qxf5
Qc7 15. Bb3 a5 16. a3 a4 17. Bc2 Ra5 18. Qf3 Re8 19. Re1 Bd6 20. Qd1 e4 21. g3
Qd7 22. Kg2 Rd5 23. Qe2 Bc5 24. Rd1 Rxd1 25. Qxd1 Qc6 26. Bg5 e3+ 27. f3 e2 28.
Qd2 h6 29. Bxf6 Qxf6 30. Re1 Re3 31. Be4 Rxe4 32. fxe4 Qf2+ 33. Kh3 Qf1+ 34. Kg4
h5+ 35. Kxh5 Qh3+ 36. Kg5 Qh6+ 0-1

[Event "Titled Tue 20th May Late"]
[Site "chess.com INT"]
[Date "2025.05.20"]
[Round "7"]
[White "Kushko, Dmitriy"]
[Black "Habans Aguerrea, Javier"]
[Result "0-1"]
[WhiteTitle "IM"]
[BlackTitle "IM"]
[WhiteElo "2454"]
[BlackElo "2448"]
[WhiteFideId "14162261"]
[BlackFideId "24524689"]
[EventDate "2025.05.20"]

1. g3 d5 2. Bg2 Nf6 3. d3 e6 4. Nd2 c5 5. e4 Nc6 6. Ne2 b6 7. exd5 exd5 8. O-O
Be7 9. c4 O-O 10. Nc3 Be6 11. Re1 Rc8 12. cxd5 Nxd5 13. Nc4 Ndb4 14. Rxe6 fxe6
15. Be4 Bf6 16. Qg4 Nxd3 17. Qxe6+ Kh8 18. Bxc6 Bxc3 19. Be4 Nxf2 20. Bc2 Bd4
21. Nd6 Ne4+ 0-1

[Event "Titled Tue 20th May Late"]
[Site "chess.com INT"]
[Date "2025.05.20"]
[Round "7"]
[White "McDonald, Jhustice-Dimonte"]
[Black "Clawitter, Craig"]
[Result "1-0"]
[WhiteTitle "CM"]
[WhiteElo "2032"]
[BlackElo "2050"]
[WhiteFideId "7402481"]
[BlackFideId "2023105"]
[EventDate "2025.05.20"]

1. b3 e5 2. Bb2 Nc6 3. c4 Nf6 4. e3 d5 5. cxd5 Nxd5 6. d3 Bb4+ 7. Nd2 Bc3 8.
Bxc3 Nxc3 9. Qc2 Nd5 10. a3 O-O 11. Ngf3 f6 12. Rc1 Be6 13. Be2 a5 14. O-O a4
15. b4 Rf7 16. Ne4 Nce7 17. Nc5 Bc8 18. Nxa4 b5 19. Nc3 Rxa3 20. Nxb5 Ra8 21.
Nxc7 Nxb4 22. Qb3 Rb8 23. d4 e4 24. Bc4 exf3 25. Bxf7+ Kf8 26. Ne6+ Bxe6 27.
Bxe6 fxg2 28. Rfd1 Qd6 29. Bh3 1-0

[Event "Titled Tue 20th May Late"]
[Site "chess.com INT"]
[Date "2025.05.20"]
[Round "7"]
[White "Swara Lakshmi S Nair"]
[Black "Moreira, Ronaldo Alonso"]
[Result "1-0"]
[WhiteTitle "WCM"]
[WhiteElo "2178"]
[BlackElo "2097"]
[WhiteFideId "25629239"]
[BlackFideId "2110547"]
[EventDate "2025.05.20"]

1. e4 e6 2. d4 d5 3. Nd2 Nc6 4. c3 e5 5. exd5 Qxd5 6. Ngf3 exd4 7. Bc4 Qd8 8.
O-O Be7 9. cxd4 Nxd4 10. Ne5 Be6 11. Bxe6 Nxe6 12. Qf3 Bf6 13. Ndc4 Ne7 14. Qxb7
O-O 15. Be3 Qd5 16. Qxd5 Nxd5 17. Bd2 Rfe8 18. Rfe1 Nd4 19. Rac1 Nb6 20. Be3
Nxc4 21. Nxc4 Nf5 22. Bf4 Kf8 23. h3 Rxe1+ 24. Rxe1 Re8 25. Rxe8+ Kxe8 26. Bxc7
Kd7 27. Be5 Ke6 28. Bxf6 Kxf6 29. Kf1 Ke6 30. Ke2 Nd4+ 31. Kd3 Nc6 32. b3 Kd5
33. a3 1-0

[Event "Titled Tue 20th May Late"]
[Site "chess.com INT"]
[Date "2025.05.20"]
[Round "7"]
[White "Tamer Waguih, Farid"]
[Black "Pranesh, M"]
[Result "0-1"]
[WhiteTitle "FM"]
[BlackTitle "GM"]
[WhiteElo "2206"]
[BlackElo "2576"]
[WhiteFideId "10685723"]
[BlackFideId "35028600"]
[EventDate "2025.05.20"]

1. d4 Nf6 2. Nc3 d5 3. Bf4 a6 4. e3 e6 5. h4 c5 6. g4 Nc6 7. g5 cxd4 8. exd4 Ne4
9. Nxe4 dxe4 10. c3 e5 11. dxe5 Qa5 12. Qe2 Bf5 13. Bg2 Nd4 14. Qd1 O-O-O 15.
Bd2 e3 16. cxd4 exd2+ 17. Kf1 Rxd4 18. Nf3 Rd7 19. Qb3 Qb5+ 20. Qxb5 axb5 21.
Ke2 Bd3+ 22. Kd1 Kb8 23. a3 Bc5 24. Bh3 Rd5 25. Nxd2 Rhd8 26. Rh2 Bc4 27. f4 Be3 0-1